Evolución de las ideas políticas / (Registro nro. 5135)
[ vista simple ]
| 000 -LEADER | |
|---|---|
| fixed length control field | 01240nam a2200241Ia 4500 |
| 003 - CONTROL NUMBER IDENTIFIER | |
| control field | OSt |
| 005 - DATE AND TIME OF LATEST TRANSACTION | |
| control field | 20210127153204.0 |
| 008 - FIXED-LENGTH DATA ELEMENTS--GENERAL INFORMATION | |
| fixed length control field | 191128s1980 ck gr 001 0 spa d |
| 040 ## - CATALOGING SOURCE | |
| Original cataloging agency | CO-JMCR |
| Transcribing agency | CO-JMCR |
| 041 0# - LANGUAGE CODE | |
| Language code of text/sound track or separate title | spa |
| 082 04 - DEWEY DECIMAL CLASSIFICATION NUMBER | |
| Classification number | 320.5 / |
| Item number | R696e |
| Edition number | 21 |
| 100 1# - MAIN ENTRY--PERSONAL NAME | |
| Personal name | Rozo Acuña, Eduardo, |
| Relator term | autor |
| 9 (RLIN) | 1697 |
| 245 10 - TITLE STATEMENT | |
| Title | Evolución de las ideas políticas / |
| Statement of responsibility, etc. | Eduardo Rozo Acuña |
| 260 ## - PUBLICATION, DISTRIBUTION, ETC. | |
| Place of publication, distribution, etc. | Bogotá : |
| Name of publisher, distributor, etc. | Universidad Externado de Colombia, |
| Date of publication, distribution, etc. | 1980 |
| 300 ## - PHYSICAL DESCRIPTION | |
| Extent | xviii, 363 páginas ; |
| Dimensions | 23 cm. |
| 500 ## - GENERAL NOTE | |
| General note | Incluye índice analítico. |
| 504 ## - BIBLIOGRAPHY, ETC. NOTE | |
| Bibliography, etc. note | Bibliografía: páginas 339-349 |
| 505 0# - FORMATTED CONTENTS NOTE | |
| Formatted contents note | Época antigua: el pensamiento político en Grecia y Roma -- El pensamiento político de la alta y de la baja edad media: teocracia y secularización políticas -- La edad moderna: del absolutismo al liberalismo -- Época contemporánea: del socialismo utópico al socialismo científico -- Época contemporánea: neoliberalismo y neomarxismo -- Pensamiento político contemporáneo: fascismo y nacional-socialismo -- El pensamiento socio-político contemporáneo de la iglesia católica |
| 650 14 - SUBJECT ADDED ENTRY--TOPICAL TERM | |
| Topical term or geographic name entry element | Ideologías políticas |
| 9 (RLIN) | 1752 |
| 650 14 - SUBJECT ADDED ENTRY--TOPICAL TERM | |
| Topical term or geographic name entry element | Doctrinas políticas |
| 9 (RLIN) | 2090 |
| 650 14 - SUBJECT ADDED ENTRY--TOPICAL TERM | |
| Topical term or geographic name entry element | Política internacional |
| 9 (RLIN) | 2093 |
| 942 ## - ADDED ENTRY ELEMENTS (KOHA) | |
| Source of classification or shelving scheme | Dewey Decimal Classification |
| Koha item type | Books |
| Withdrawn status | Lost status | Source of classification or shelving scheme | Damaged status | Not for loan | Collection code | Home library | Current library | Date acquired | Source of acquisition | Cost, normal purchase price | Total Checkouts | Full call number | Barcode | Date last seen | Copy number | Koha item type |
|---|---|---|---|---|---|---|---|---|---|---|---|---|---|---|---|---|
| Dewey Decimal Classification | Non-fiction | Biblioteca Pública José María del Castillo y Rada | Biblioteca Pública José María del Castillo y Rada | 04/15/2018 | Donación | 0.00 | 320.5 / R696e | 430001350 | 05/16/2024 | Ej.1 | Books |